01525pam a2200229 a 450000100090000000300060000900500170001500800410003201000150007302000150008804000230010308200130012610000230013924501110016226000450027330000180031850400660033650507800040265000170118270000180119985600780121753331647OCoLC20241126110700.0031027s2004 ilu b 001 0 eng  a2003023631 a1581345615 aDLCcDLCdIG#dBSC a239bGEI1 aGeisler, Norman L.10aI don't have enough faith to be an atheist /cNorman L. Geisler, Frank Turek ; foreword by David Limbaugh. aWheaton, Ill. :bCrossway Books,cc2004. a447 ;c22 cm. aIncludes bibliographical references (p. [412]-435) and index.0 aPreface: How much faith do you need to believe this book? -- Introduction: Finding the box top to the puzzle of life -- Can we handle the truth? -- Why should anyone believe anything at all? -- In the beginning there was a great surge -- Divine design -- The first life, natural law or divine awe? -- New life forms, from the goo to you via the zoo? -- Mother Teresa vs. Hitler -- Miracles, signs of God or gullibility? -- Do we have early testimony about Jesus? -- Do we have eyewitness testimony about Jesus? -- The top ten reasons we know the New Testament writers told the truth -- Did Jesus really rise from the dead -- Who is Jesus, God or just a great moral teacher? -- What did Jesus teach about the Bible? -- Conclusion: The judge, the Servant King, and the box top. 0aApologetics.1 aTurek, Frank.413Table of contentsuhttp://www.loc.gov/catdir/toc/ecip0410/2003023631.html